000 02329nam a2200325 i 4500
001 000017903
003 DO-SdBNP
005 20240515144325.0
007 ta
008 100407s2003 dr ac 000 0 spa d
040 _aDO-SdBNP
_bspa
_cBNPHU
_erda
049 _aBNPD
082 4 _a972.9353
_bR696g
_222
100 1 _aRodríguez, Carlos Rafael,
_94680
_eautor
245 1 0 _aGuaraguanó :
_bresumen histórico del municipio de Monción /
_cCarlos Rafael Rodríguez ; prólogo, Galindo Martínez.
264 _aSanto Domingo :
_bCentenario,
_c2003.
300 _a298 páginas :
_bilustraciones y retratos ;
_c22 cm.
336 _2rdacontent
_atexto
_btxt
337 _2rdamedia
_asin mediación
_bn
338 _2rdacarrier
_avolumen
_bnc
505 0 _aPrólogo --
_tIntroducción --
_tDivisión política de la isla --
_tOrigen de Guaraguanó --
_tLa mata de Guaraguanó --
_tSitio catastral de Guaraguanó --
_tFundación : primeros habitantes --
_tFormación del poblado de Guaraguanó --
_tSección de Guaraguanó --
_tEpisodios de la Restauración --
_tPuesto cantoral de Guaraguanó --
_tCambio de nombre. Puesto cantoral de Monción --
_tPuesto militar/Puesto cantoral --
_tMunicipio de Monción --
_tCreencias sobrenaturales y religiosas --
_tCarlos de Vargas --
_tEstudios geológicos --
_tCentro de minas --
_tPersonalidades --
_tPrimera iglesia --
_tLas fiestas patronales de San Antonio --
_tPartidos políticos --
_tVisitantes distinguidos --
_tEl club recreativo Guaraguanó --
_tDesarrollo cultural --
_tIndice de leyes y decretos sobre el municipio de Monción --
_tPresa de Monción --
_tEl Plan Sierra --
_tDeportes --
_tCooperativa de Ahorros y Préstamos Mamoncito --
_tAtractivos naturales --
_tComplejo agroindustrial/Federación Campesina Guaraguanó --
_tMilitares y policías --
_tPrimera carretera --
_tTelecomunicaciones --
_tPrimer acueducto --
_tPrimer hospital --
_tAlumbrado eléctrico .
590 _aInventariado, 2024/BT
650 4 _aCiudades y pueblos
_zMonción (República Dominicana : Municipio)
_9784
651 4 _aMonción (República Dominicana : Municipio)
_978533
651 4 _aMonción (República Dominicana : Municipio)
_978533
651 4 _aMonción (República Dominicana : Municipio)
_978533
700 1 _aMartínez, Galindo,
_eprólogo
_938849
910 _aValidado. Control de calidad. MFF
942 _2ddc
_cLBS1
999 _c17427
_d17427